UM Logo

DC impedance modeling and design-oriented harmonic stability analysis of MMC-PCCF-based HVDC system / (Record no. 19024)

MARC details
000 -LEADER
fixed length control field 01076nam a22002537a 4500
003 - CONTROL NUMBER IDENTIFIER
control field OSt
005 - DATE AND TIME OF LATEST TRANSACTION
control field 20250911175618.0
008 - FIXED-LENGTH DATA ELEMENTS--GENERAL INFORMATION
fixed length control field 240208b ||||| |||| 00| 0 eng d
040 ## - CATALOGING SOURCE
Transcribing agency 0
082 ## - DEWEY DECIMAL CLASSIFICATION NUMBER
Classification number DPer 621.381 In821 April 2022 v. 37 n. 4
100 ## - MAIN ENTRY--PERSONAL NAME
Personal name Li, Pengkun.
Relator term author.
9 (RLIN) 51971
245 ## - TITLE STATEMENT
Title DC impedance modeling and design-oriented harmonic stability analysis of MMC-PCCF-based HVDC system /
Statement of responsibility, etc. Pengkun Li, Yue Wang, Xuan Li, Bo Yue, Runtian Li, Bole Feng, and Taiyuan Yin.
260 ## - PUBLICATION, DISTRIBUTION, ETC. (IMPRINT)
Place of publication, distribution, etc. New York ;
Name of publisher, distributor, etc. The Institute of Electrical and Electronics Engineers, Inc. ,
Date of publication, distribution, etc. April 2022.
300 ## - PHYSICAL DESCRIPTION
Extent Volume 37, pages 4301-4319 :
Other physical details illustration ;
Dimensions 28 cm.
500 ## - GENERAL NOTE
General note IEEE Transaction on Power Electronics, vol. 37, no. 4, pages 4301-4319, April 2022.
700 ## - ADDED ENTRY--PERSONAL NAME
Personal name Li, Pengkun.
Relator term author.
9 (RLIN) 51971
700 ## - ADDED ENTRY--PERSONAL NAME
Personal name Wang, Yue.
Relator term author.
9 (RLIN) 51972
700 ## - ADDED ENTRY--PERSONAL NAME
Personal name Li, Xuan.
Relator term author.
9 (RLIN) 51973
700 ## - ADDED ENTRY--PERSONAL NAME
Personal name Yue, Bo.
Relator term author.
9 (RLIN) 51974
700 ## - ADDED ENTRY--PERSONAL NAME
Personal name Li, Runtian.
Relator term author.
9 (RLIN) 51975
700 ## - ADDED ENTRY--PERSONAL NAME
Personal name Feng, Bole.
Relator term author.
9 (RLIN) 51976
700 ## - ADDED ENTRY--PERSONAL NAME
Personal name Yin, Taiyuan.
Relator term author.
9 (RLIN) 51977
942 ## - ADDED ENTRY ELEMENTS (KOHA)
Source of classification or shelving scheme Dewey Decimal Classification
Koha item type Periodicals
Holdings
Withdrawn status Lost status Source of classification or shelving scheme Damaged status Not for loan Collection code Home library Current library Date acquired Total Checkouts Full call number Date last seen Price effective from Koha item type Public note
    Dewey Decimal Classification     Periodicals UM Digos College - LIC UM Digos College - LIC 02/08/2024   DPer 621.381 In821 April 2022 v. 37 n. 4 02/08/2024 02/08/2024 Periodicals Periodical Article